000 00738nam a2200253Ia 4500
003 OSt
005 20220924120359.0
006 a|||||r|||| 00| 0
007 ta
008 220923b |||||||| |||| 00| 0 hin d
024 _a41571
037 _cTextual
040 _aARTS
_cARTS
_bhin
041 _2hin
_ahin
082 _aO15,1D40x, 152M7
100 _aKalidasa
245 0 _aRaghuvamsa mahakavya with the comm of Mallinatha Hindi tr by Dharananda Mishra rev by Janardana pandey
250 _a2nd
260 _aDelhi
_bMotilal Banarasidass
_c1987
300 _axxxiii,503,29p.
_ccm.
650 _aSANSKRIT LITERATURE
942 _hO15,1D40x, 152M7
_cTEXL
_2CC
999 _c402544
_d402544